| 000 | 00399 a2200169 4500 | ||
|---|---|---|---|
| 020 | _a0070581908 | ||
| 022 | _a9780070581906 | ||
| 082 | _a658.3 | ||
| 090 |
_c5415 _d5415 |
||
| 100 | _aSekaran,Uma | ||
| 245 |
_aOrganisational Behaviour _cUma Sekaran |
||
| 250 | _a2nd | ||
| 260 |
_aNew Delhi _bTata McGraw-Hill _c2004 |
||
| 300 | _a359p | ||
| 500 | _aPaper cover | ||
| 942 |
_aNBS _cBK _k658.3 SEK |
||
| 999 |
_c347824 _d347824 |
||